Acercamiento a los procesos de socialización : (Record no. 107718)
[ view plain ]
| 000 -CABECERA | |
|---|---|
| campo de control de longitud fija | 00735nam a2200217 a 4500 |
| 005 - FECHA Y HORA DE LA ÚLTIMA TRANSACCIÓN | |
| campo de control | 20230324064022.0 |
| 008 - ELEMENTOS DE LONGITUD FIJA--INFORMACIÓN GENERAL | |
| campo de control de longitud fija | 031106s1992 mx 000 0 spa d |
| 035 ## - NÚMERO DE CONTROL DEL SISTEMA | |
| Número de control de sistema | UPN01000135567 |
| 049 ## - COLECCIÓN | |
| Colección | F |
| 050 #4 - SIGNATURA TOPOGRÁFICA DE LA BIBLIOTECA DEL CONGRESO | |
| Número de clasificación | LB1028 |
| Número de documento/Ítem | I5.39 no.8 |
| 100 1# - ASIENTO PRINCIPAL--NOMBRE PERSONAL | |
| Nombre de persona | Silva Comelín, María Inés |
| 9 (RLIN) | 30017 |
| 245 10 - MENCIÓN DE TÍTULO | |
| Título | Acercamiento a los procesos de socialización : |
| Resto del título | los escolares del Distrito Federal / |
| Mención de responsabilidad, etc. | María Inés Silva Comelín. |
| 260 ## - PUBLICACIÓN, DISTRIBUCIÓN, ETC. | |
| Lugar de publicación, distribución, etc. | México : |
| Nombre del editor, distribuidor, etc. | UPN, |
| Fecha de publicación, distribución, etc. | 1992. |
| 300 ## - DESCRIPCIÓN FÍSICA | |
| Extensión | 38 h. |
| 440 #0 - MENCIÓN DE SERIE/ASIENTO SECUNDARIO--TÍTULO | |
| Título | Informe de investigación ; |
| Designación de volumen o secuencia | 8 |
| 590 ## - NOTA LOCAL (RLIN) | |
| Nota local | También localizas un ejemplar en el "Area de Reserva" |
| 650 #4 - ASIENTO SECUNDARIO DE MATERIA - TERMINO TEMATICO | |
| Término de materia o nombre geográfico como elemento de entrada | Educación |
| Subdivisión general | Investigación |
| Subdivisión geográfica | México |
| 9 (RLIN) | 9022 |
| 650 #2 - ASIENTO SECUNDARIO DE MATERIA - TERMINO TEMATICO | |
| Término de materia o nombre geográfico como elemento de entrada | Socialización |
| 9 (RLIN) | 7257 |
| 650 #4 - ASIENTO SECUNDARIO DE MATERIA - TERMINO TEMATICO | |
| Término de materia o nombre geográfico como elemento de entrada | HOGAR Y ESCUELA |
| 905 ## - TIPO DE MATERIAL | |
| Tipo de material | Libro |
| Estado de retiro | Estado de pérdida | Fuente del sistema de clasificación o colocación | Estado dañado | No para préstamo | Código de colección | Localización permanente | Ubicación/localización actual | Ubicación en estantería | Fecha de adquisición | Clasificación | Código de barras | Fecha visto por última vez | Número de copia | Tipo de ítem Koha |
|---|---|---|---|---|---|---|---|---|---|---|---|---|---|---|
| Library of Congress Classification | Disponible (Préstamo en sala) | Folletería | Bib. Gregorio Torres Quintero | Bib. Gregorio Torres Quintero | Colecciones especiales Planta alta | 03/05/2023 | LB1028 I5.39 no.8 | 133724 | 31/12/2020 | 1 | Folleto | |||
| Library of Congress Classification | Disponible (Préstamo en sala) | Folletería | Bib. Gregorio Torres Quintero | Bib. Gregorio Torres Quintero | Colecciones especiales Planta alta | 03/05/2023 | LB1028 I5.39 no.8 | 314857 | 31/12/2020 | 1 | Folleto | |||
| Library of Congress Classification | Disponible (Préstamo en sala) | Folletería | Bib. Gregorio Torres Quintero | Bib. Gregorio Torres Quintero | Colecciones especiales Planta alta | 03/05/2023 | LB1028 I5.39 no.8 | 133794 | 31/12/2020 | 1 | Folleto |
